| Tag |
First Indicator |
Second Indicator |
Subfields |
| LEADER |
00000pam a2200000 i 4500 |
| 001 |
in00000052260 |
| 005 |
20151007070042.0 |
| 008 |
791018s1980 nyua b 00110 eng |
| 010 |
|
|
|a 79026209
|
| 020 |
|
|
|a 0385150997 :
|c $10.95
|
| 035 |
|
|
|a (OCoLC)05676893
|
| 035 |
|
|
|9 AAE3241AM
|
| 040 |
|
|
|a DLC
|c DLC
|d TXA
|d UtOrBLW
|
| 049 |
|
|
|a TXAM
|c [981351]
|
| 050 |
0 |
0 |
|a BF455
|b .B47
|
| 060 |
|
0 |
|a WL335 B637r
|
| 082 |
0 |
|
|a 153
|
| 100 |
1 |
|
|a Blakeslee, Thomas R.,
|d 1937-
|
| 245 |
1 |
4 |
|a The right brain :
|b a new understanding of the unconscious mind and its creative powers /
|c Thomas R. Blakeslee.
|
| 250 |
|
|
|a 1st ed.
|
| 264 |
|
1 |
|a Garden City, N.Y. :
|b Anchor Press/Doubleday,
|c 1980.
|
| 300 |
|
|
|a x, 275 pages :
|b illustrations ;
|c 22 cm.
|
| 336 |
|
|
|a text
|b txt
|2 rdacontent
|
| 337 |
|
|
|a unmediated
|b n
|2 rdamedia
|
| 338 |
|
|
|a volume
|b nc
|2 rdacarrier
|
| 500 |
|
|
|a Includes index.
|
| 504 |
|
|
|a Bibliography: pages [223]-263.
|
| 650 |
|
0 |
|a Left and right (Psychology)
|
| 650 |
|
0 |
|a Thought and thinking.
|
| 650 |
|
0 |
|a Subconsciousness
|x Psychology.
|
| 650 |
|
0 |
|a Creative thinking.
|
| 650 |
|
0 |
|a Brain.
|
| 650 |
|
2 |
|a Dominance, Cerebral.
|
| 650 |
|
2 |
|a Brain Mapping.
|
| 999 |
|
|
|a MARS
|
| 999 |
f |
f |
|s e7757d91-6148-3442-baec-4537bcb64dcb
|i 74656f5f-3161-3424-a875-cda2fd946088
|t 0
|
| 952 |
f |
f |
|p ric
|a Texas A&M University
|b Rellis Campus
|c Joint Library Facility
|d Remote Storage
|t 0
|e BF455 .B47
|h Library of Congress classification
|i unmediated -- volume
|m A14801680389
|
| 998 |
f |
f |
|a BF455 .B47
|t 0
|l Remote Storage
|